000 00443nam a22001697a 4500
005 20251108164924.0
008 250721s1999 xx 000 0 ara d
082 1 4 _a811.9563/نصا
100 1 _aنصار، حسن
245 1 0 _aقيامة الأرامل /
264 1 _aبيروت :
_bدار الكنوز،
_c1999.
300 _a94ص
650 1 7 _aالشعر العربي
650 1 7 _aالعراق
942 _2ddc
_cBK
999 _c17518
_d17518